[Event "Perth Metro CC-chB"]
[Site "Perth"]
[Date "2006.03.02"]
[Round "5"]
[White "Humphries, Ryan"]
[Black "Lubtschenko, Wally"]
[Result "1-0"]
[WhiteElo "1555"]
[BlackElo "1684"]
[PlyCount "99"]
[EventDate "2006.02.02"]
[EventType "tourn"]
[EventRounds "11"]
[EventCountry "AUS"]
[SourceTitle "EXT 2010"]
[Source "ChessBase"]
[SourceDate "2010.11.25"]
[SourceVersion "1"]
[SourceVersionDate "2010.11.25"]
[SourceQuality "1"]

1. e4 Nf6 2. e5 Nd5 3. d4 d6 4. exd6 exd6 5. Bc4 Be6 6. Qe2 Be7 7. Nf3 0-0 8. 0-0 Re8 9. Nbd2 Nc6 10. Ne4 h6 11. Bb5 Bg4 12. Rd1 Bf6 13. c4 Nb6 14. c5 d5 15. Nxf6+ Qxf6 16. Qd3 Nd7 17. h3 Bxf3 18. Qxf3 Qxf3 19. gxf3 Re6 20. Bf4 Rc8 21. Kg2 a6 22. Ba4 b5 23. cxb6 cxb6 24. Rac1 b5 25. Bb3 Nb6 26. Rc5 g6 27. Bxh6 g5 28. Bxg5 Rg6 29. f4 f6 30. h4 fxg5 31. fxg5 Rd6 32. f4 Nc4 33. Bxc4 dxc4 34. d5 Ne7 35. Rxc8+ Nxc8 36. Kf3 Nb6 37. Ke4 Na4 38. Rd2 Kf7 39. Ke5 Ke7 40. h5 Nc5 41. h6 Nd3+ 42. Ke4 Nc5+ 43. Kf5 Kf7 44. Ke5 Ke7 45. h7 Rd8 46. g6 Nd7+ 47. Kf5 Rf8+ 48. Kg5 Nf6 49. d6+ Kd7 50. Rh2 1-0

[Event "West Australia-ch"]
[Site "South Perth"]
[Date "2005.08.28"]
[Round "9"]
[White "Pavlovic, Michael"]
[Black "Lubtschenko, Wally"]
[Result "1-0"]
[WhiteElo "1663"]
[BlackElo "1693"]
[PlyCount "120"]
[EventDate "2005.07.03"]
[EventType "swiss"]
[EventRounds "9"]
[EventCountry "AUS"]
[SourceTitle "EXT 2009"]
[Source "ChessBase"]
[SourceDate "2008.11.26"]
[SourceVersion "1"]
[SourceVersionDate "2008.11.26"]
[SourceQuality "1"]

1. d4 c5 2. d5 Nf6 3. c4 g6 4. Nc3 Bg7 5. e4 d6 6. Nf3 0-0 7. Be2 Bd7 8. 0-0 a6 9. a4 Ne8 10. Ne1 f5 11. f3 Nf6 12. Nd3 a5 13. Be3 Na6 14. Qd2 Nh5 15. Bh6 Bd4+ 16. Be3 Bg7 17. Nf4 Nxf4 18. Bxf4 Nc7 19. Ra3 Ne8 20. Bh6 Nf6 21. Bxg7 Kxg7 22. Bd3 f4 23. Re1 e5 24. Rb3 b6 25. Nb5 g5 26. Nxd6 Bxa4 27. Nf5+ Kg6 28. Ra3 Bd7 29. g4 h5 30. h3 Rh8 31. Re2 Rh7 32. Ra2 Qb8 33. b3 Qb7 34. Rh2 hxg4 35. hxg4 Rah8 36. Rxh7 Rxh7 37. Bf1 Qa8 38. Qc3 Qh8 39. Rg2 Rh1+ 40. Kf2 Qb8 41. Rg1 Rh2+ 42. Bg2 a4 43. bxa4 Bxa4 44. Ra1 b5 45. Ne7+ Kg7 46. Nc6 Qd6 47. Qxe5 Qxe5 48. Nxe5 Rh8 49. cxb5 Bxb5 50. Ra7+ Kg8 51. Ra8+ Ne8 52. Rc8 c4 53. Nxc4 Bxc4 54. Rxe8+ Kg7 55. Rxh8 Kxh8 56. Bf1 Bxf1 57. Kxf1 Kg7 58. e5 Kf7 59. Ke2 Ke7 60. Kd3 Kf7 1-0

[Event "West Australia-ch"]
[Site "South Perth"]
[Date "2005.07.24"]
[Round "4"]
[White "Lubtschenko, Wally"]
[Black "Hessing, Rod"]
[Result "1-0"]
[WhiteElo "1693"]
[BlackElo "1663"]
[PlyCount "55"]
[EventDate "2005.07.03"]
[EventType "swiss"]
[EventRounds "9"]
[EventCountry "AUS"]
[SourceTitle "EXT 2009"]
[Source "ChessBase"]
[SourceDate "2008.11.26"]
[SourceVersion "1"]
[SourceVersionDate "2008.11.26"]
[SourceQuality "1"]

1. c4 f5 2. Nf3 Nf6 3. d4 e6 4. Bg5 Bb4+ 5. Nbd2 b6 6. a3 Bxd2+ 7. Qxd2 Bb7 8. Ne5 0-0 9. d5 d6 10. Nf3 e5 11. Qc2 Qe8 12. Bd2 Ne4 13. g3 Nd7 14. Bg2 a5 15. 0-0 Qh5 16. b4 Nxd2 17. Qxd2 h6 18. Rfc1 Nf6 19. Ne1 f4 20. Bf3 Qg6 21. Ng2 fxg3 22. hxg3 e4 23. Nf4 Qf5 24. Bg2 g5 25. Bh3 g4 26. Bg2 Nh5 27. Nxh5 Qxf2+ 28. Kh1 1-0